Countries of the World Quiz - Names with Double Letters - Statistics

General Stats
  • This quiz has been taken 605 times
  • The average score is 6 of 11
Answer Stats
Double Letter Country % Correct
CC Morocco
77%
SS Russia
75%
PP Philippines
68%
OO Cameroon
67%
EE Greece
66%
RR Andorra
56%
LL Seychelles
53%
LL Marshall Islands
51%
TT Saint Kitts and Nevis
48%
RR Sierra Leone
44%
SS Guinea-Bissau
41%
No matching quizzes found
Score Distribution
Percent of People with Each Score
Percentile by Number Answered
Your Score History
You have not taken this quiz